[Event "BL2-O9798"]
[Site "Germany"]
[Date "1997.??.??"]
[Round "3.2"]
[White "Siepelt, Heiner"]
[Black "Alber, Horst"]
[Result "1/2-1/2"]
[WhiteElo "2335"]
[BlackElo "2315"]

1.e4 g6 2.d4 Bg7 3.Nc3 d6 4.h3 a6 5.a4 b6 6.g3 Bb7 7.Bg2 Nd7 8.Nge2 e5 9.O-O Ngf6
10.Be3 O-O 11.g4 exd4 12.Bxd4 Ra7 13.Ng3 c5 14.Be3 Ne5 15.b3 Ba8 16.Qd2 Nc6
17.Rad1 Nd4 18.Nce2 Nxe2+ 19.Qxe2 Re8 20.Qd3 Rae7 21.Bg5 Qc8 22.Qxd6 Re6
23.Qd2 Nxe4 24.Nxe4 Bxe4 25.Bxe4 Rxe4 26.Rfe1 Rxe1+ 27.Rxe1 Rxe1+  1/2-1/2

[Event "BL2-O9798"]
[Site "Germany"]
[Date "1997.??.??"]
[Round "3.4"]
[White "Dutschak, Hauke"]
[Black "Schmidt, Jan Peter"]
[Result "1-0"]
[WhiteElo "2320"]
[BlackElo "2260"]

1.e4 g6 2.d4 Bg7 3.Nc3 d6 4.Bg5 c6 5.Qd2 Nf6 6.O-O-O h6 7.Be3 b5 8.Bd3 Ng4
9.f4 Qb6 10.e5 dxe5 11.fxe5 Bxe5 12.Nf3 Bg7 13.Rhe1 Nxe3 14.Qxe3 O-O 15.Qxe7 Bg4
16.Re3 Nd7 17.Rf1 b4 18.Ne2 Nf6 19.Re5 Nd5 20.Qh4 Bxe5 21.Nxe5 Bxe2 22.Bxe2 Kg7
23.Bd3 c5 24.Nd7 Qd8 25.Qg4 Qe7 26.dxc5 Qe3+ 27.Kb1 f5 28.Qc4 Rfe8 29.a4 Qe6
30.Qd4+ Kh7 31.Qxd5 Rad8 32.Qxe6 Rxe6 33.c6 Rxc6 34.Ne5 Re6 35.Nxg6 Kxg6
36.Bxf5+ Kf6 37.Bxe6+ Kxe6 38.Rf4 a5 39.Rh4 Rd2 40.Rxh6+ Kd7 41.g4  1-0

[Event "NRW-Liga II 9697"]
[Site "Germany"]
[Date "1997.??.??"]
[Round "5.1"]
[White "Bojkovic, Natasa"]
[Black "Haub, Thorsten Michael"]
[Result "1/2-1/2"]
[WhiteElo "2405"]
[BlackElo "2365"]

1.e4 g6 2.d4 Bg7 3.Nc3 d6 4.Be3 a6 5.a4 b6 6.Nf3 e6 7.Bd3 Nd7 8.O-O Ne7 9.Qd2 h6
10.Rad1 Bb7 11.h3 f5 12.Rfe1 Nf6 13.Bf4 g5 14.Bh2 O-O 15.e5 dxe5 16.Bxe5 Bxf3
17.gxf3 Ng6 18.Bc4 Re8 19.Qd3 Kh7 20.d5 exd5 21.Bxf6 Qxf6 22.Nxd5 Qxb2 23.Rxe8 Rxe8
24.Qxf5 Rf8 25.Qe4 Qe5 26.Bd3 Qxe4 27.Bxe4 Rf7 28.Nxc7 Be5 29.Nxa6 Kg7 30.Nb4 Nh4
31.Nc6 Bf4 32.Kf1 h5 33.Nd8 Re7 34.Nc6 Rf7 35.Rd5 Kf6 36.Ke2 Bc7 37.Kf1 Bf4
38.Rb5 Rd7 39.Bd5 Bc7 40.c4 Ng6 41.Nd4 Nf4 42.Rb4 h4 43.Rb5 Rd6 44.Rb1 Rd7
45.Re1 Be5 46.Nc6 Bd6 47.Nd4 Be5 48.Nc6 Bd6 49.Nd4  1/2-1/2

[Event "NRW-Liga I 9697"]
[Site "Germany"]
[Date "1997.??.??"]
[Round "6.2"]
[White "Meijers, Viesturs"]
[Black "Koch, Wolfgang Max"]
[Result "1/2-1/2"]
[WhiteElo "2455"]
[BlackElo "2355"]

1.e4 g6 2.d4 Bg7 3.Nc3 d6 4.Be3 Nf6 5.Be2 c6 6.Qd2 b5 7.a3 a6 8.h4 h5 9.Nh3 Nbd7
10.Ng5 Ng4 11.O-O-O Nxe3 12.Qxe3 e5 13.dxe5 Nxe5 14.Qd4 f6 15.Nh3 Nf7 16.f4 Bh6
17.Rhf1 O-O 18.Kb1 f5 19.Ng5 Bg7 20.Nxf7 Kxf7 21.Qxd6 Qxd6 22.Rxd6 Bxc3 23.bxc3 fxe4
24.Rxc6 Be6 25.c4 Rfd8 26.Kc1 Rab8 27.cxb5 axb5 28.Rd1 Rxd1+ 29.Kxd1 b4 30.axb4 Rxb4
31.Kd2 Bf5 32.Ke3 Rb1 33.Bc4+ Ke7 34.Bd5 Rd1 35.Bc4 Rg1 36.Kf2 Rd1 37.Be2 Rc1
38.g3 Kd7 39.Rc3 Kd6 40.Ke3 Rg1 41.Kd4 Re1 42.Re3 Rc1 43.Kc3 Re1 44.Kd2 Rg1
45.Ba6 Rg2+ 46.Kc3 Kd5 47.Bb7+ Kc5 48.Bxe4 Bxe4 49.Rxe4 Rxg3+ 50.Kd2 Rh3
51.Re6 Rxh4 52.Ke3 Rg4 53.Re8 Kd5 54.Kf3 Kd4 55.Rd8+ Kc4 56.Rg8 Kd5 57.Re8  1/2-1/2

[Event "BL2-O9798"]
[Site "Germany"]
[Date "1997.??.??"]
[Round "6.7"]
[White "Zwanzger, Johannes"]
[Black "Franz, Torsten"]
[Result "0-1"]
[WhiteElo "2230"]
[BlackElo "2230"]

1.d4 g6 2.e4 Bg7 3.Nc3 d6 4.Be3 Nf6 5.f3 c6 6.Qd2 Nbd7 7.Nge2 a6 8.O-O-O Qa5
9.g4 b5 10.Ng3 Nb6 11.g5 Nfd7 12.h4 c5 13.h5 b4 14.Nb1 Qxa2 15.b3 Rg8 16.f4 a5
17.e5 a4 18.dxc5 axb3 19.cxb3 Qxb3 20.cxb6 Ra2 21.Qxa2 Qxa2 22.Bb5 Bb7 23.Rhe1 Qa5
24.Bf1 Nxb6 25.exd6 e6 26.f5 Kd7 27.fxe6+ fxe6  0-1

[Event "NRW-Liga II 9697"]
[Site "Germany"]
[Date "1997.??.??"]
[Round "8.1"]
[White "Lytchak, Alexander"]
[Black "Hendriks, Willy"]
[Result "1/2-1/2"]
[WhiteElo "2305"]
[BlackElo "2400"]

1.d4 g6 2.e4 Bg7 3.Nc3 d6 4.Be2 c6 5.Nf3 Nd7 6.O-O b5 7.h3 b4 8.Nb1 Ngf6
9.e5 Nd5 10.exd6 exd6 11.a3 bxa3 12.Nxa3 O-O 13.Nc4 N7f6 14.c3 Nh5 15.Re1 Nhf4  1/2-1/2

[Event "SWE-ch op"]
[Site "Gotland"]
[Date "1997.??.??"]
[Round "3"]
[White "Ohlzon, Nils Johan"]
[Black "Andersson, Goran"]
[Result "1/2-1/2"]
[WhiteElo "2090"]
[BlackElo "2205"]

1.d4 g6 2.e4 Bg7 3.Nc3 d6 4.Be3 c6 5.Qd2 Nf6 6.f3 Qc7 7.Nge2 Nbd7 8.g4 Nb6
9.Ng3 Bd7 10.a4 a5 11.Be2 h5 12.g5 Nh7 13.h4 O-O 14.f4 d5 15.e5 e6 16.O-O Rfd8
17.Qd1 Nc4 18.Bxc4 dxc4 19.Nce4 Bf8 20.Nxh5 c5 21.Nhf6+ Kg7 22.Nxh7 Kxh7
23.Nf6+ Kg7 24.h5 cxd4 25.Qxd4 Bxa4 26.h6+ Kh8 27.Qb6 Qc6 28.Qxc6 Bxc6 29.Bb6 Rd2
30.Rf2 Rxf2 31.Kxf2 a4 32.Rd1 c3 33.bxc3 a3 34.Ra1 Ba4 35.Ke3 Bxc2 36.Kd2 Bf5
37.Nd7 Be7 38.Bd4 a2 39.Nc5 Bxc5 40.Bxc5 Bb1 41.Kc1 Rc8 42.Bb4 Rc4 43.Rxb1 axb1=Q+
44.Kxb1 Rxf4 45.Kc2 Kh7 46.Be7 Rf5  1/2-1/2

[Event "SWE-ch op"]
[Site "Gotland"]
[Date "1997.??.??"]
[Round "3"]
[White "Johansson, Mikael"]
[Black "Nilsson, Ove"]
[Result "1-0"]
[WhiteElo "2310"]
[BlackElo "2215"]

1.d4 g6 2.e4 Bg7 3.Nc3 d6 4.Bg5 c6 5.Qd2 Nd7 6.O-O-O b5 7.e5 dxe5 8.dxe5 Qa5
9.f4 Nc5 10.Nf3 b4 11.Nb5 Ne6 12.Nbd4 Nxd4 13.Nxd4 Bd7 14.Nb3 Qc7 15.Qxb4 a5
16.Qc5 h6 17.Bh4 g5 18.Bg3 Qa7 19.Qc3 gxf4 20.Bxf4 a4 21.Nc5 Bg4 22.Rd4 a3
23.Ra4 Rd8 24.Be2 axb2+ 25.Kb1  1-0

[Event "SWE-ch op"]
[Site "Gotland"]
[Date "1997.??.??"]
[Round "5"]
[White "Berg, Emanuel"]
[Black "Nilsson, Ove"]
[Result "1-0"]
[WhiteElo "2205"]
[BlackElo "2215"]

1.e4 g6 2.d4 Bg7 3.Nc3 d6 4.Be3 c6 5.Qd2 Nd7 6.h4 h5 7.Bc4 Ngf6 8.f3 b5 9.Bb3 Qc7
10.Nh3 b4 11.Ne2 a5 12.Ng5 d5 13.a4 Nb6 14.Nf4 e6 15.e5 Ng8 16.c3 bxc3 17.bxc3 Ne7
18.g4 c5 19.Rc1 Nc4 20.Bxc4 dxc4 21.Ne4 Qc6 22.Nd6+ Kf8 23.O-O Nd5 24.Nxd5 Qxd5
25.Bg5 Rh7 26.Qf4 Bh8 27.Bf6 Bxf6 28.Qxf6 Ba6 29.gxh5 gxh5 30.Rc2 cxd4 31.Rg2 dxc3
32.Kh2 Qd2 33.Rxd2 cxd2 34.Rg1 c3 35.Qg5 Bd3 36.Qg8+ Ke7 37.Qxa8 c2 38.Qe8+  1-0

[Event "Gouda NLD-Top rap"]
[Site "Gouda"]
[Date "1997.??.??"]
[Round "?"]
[White "Van der Wiel, John TH"]
[Black "Nijboer, Friso"]
[Result "1/2-1/2"]
[WhiteElo "2525"]
[BlackElo "2605"]

1.e4 d6 2.d4 g6 3.Nc3 Bg7 4.Be3 c6 5.Qd2 b5 6.a4 b4 7.Nd1 a5 8.f3 Nf6 9.Ne2 Nbd7
10.g4 Nb6 11.Ng3 h5 12.gxh5 Nxh5 13.Nf2 Qc7 14.b3 c5 15.Bb5+ Bd7 16.Bxd7+ Nxd7
17.Ne2 Rc8 18.O-O d5 19.exd5 c4 20.Ne4 Ndf6 21.d6 exd6 22.Bf4 Nxe4 23.fxe4 O-O
24.Bh6 cxb3 25.Bxg7 Kxg7 26.cxb3 Qc2 27.Qe3 Rce8 28.Nf4 Qxe4 29.Nxh5+ gxh5
30.Qg5+ Qg6 31.Rf5 Re4 32.h3 Rxd4 33.Raf1 f6 34.Qxg6+ Kxg6 35.Rxa5 Rd3 36.Rb5 Rxb3
37.Kh2 Re8 38.Rg1+ Kf7 39.Rxh5 Re2+ 40.Rg2 Rxg2+ 41.Kxg2 Ra3 42.a5 Ke6 43.Rb5 b3
44.h4 d5 45.h5 b2 46.Rxb2 Rxa5 47.Kf3 Kf5 48.Ke3 Ra3+ 49.Kd4 Rh3 50.Kxd5 Rxh5
51.Rf2+ Kg4+ 52.Ke6 f5 53.Ke5 Rh8 54.Rf4+  1/2-1/2

[Event "Groningen op"]
[Site "Groningen"]
[Date "1997.??.??"]
[Round "2"]
[White "Skripchenko, Almira"]
[Black "Gurevich, Mikhail"]
[Result "0-1"]
[WhiteElo "2385"]
[BlackElo "2585"]

1.e4 d6 2.d4 g6 3.Nc3 Bg7 4.Be3 a6 5.Qd2 b5 6.a4 b4 7.Nd1 a5 8.c3 Nf6 9.f3 bxc3
10.bxc3 O-O 11.Bh6 e5 12.h4 Re8 13.d5 c6 14.dxc6 Nxc6 15.Bxg7 Kxg7 16.Bb5 Qc7
17.h5 Be6 18.Ne3 Red8 19.hxg6 fxg6 20.Ne2 Ne7 21.c4 h5 22.Rd1 Qc5 23.Ng3 Kf7
24.Rf1 h4 25.Ne2 g5 26.Rc1 Qa7 27.Nc3 Nh5 28.Ned5 Nf4 29.Nxf4 exf4 30.Nd5 Ng6
31.Ke2 Rac8 32.Rfd1 Ne5 33.Rc3 Rh8 34.Rh1 Rc5 35.Qd4 Kg6 36.Rg1 Rhc8 37.Rgc1 Qf7
38.Nb6 Rd8 39.Nd5 Rh8 40.Rh1 h3 41.gxh3 Qf8 42.Rcc1 Rxh3 43.Rxh3 Bxh3 44.Rg1 Be6
45.Qd2 Bxd5 46.cxd5 Kf6 47.Rc1 Qh8 48.Rxc5 Qh2+ 49.Kd1 Qxd2+ 50.Kxd2 Nxf3+  0-1

[Event "Groningen op"]
[Site "Groningen"]
[Date "1997.??.??"]
[Round "2"]
[White "Van Wessel, Rudy"]
[Black "Burnett, Ronald"]
[Result "0-1"]
[WhiteElo "2315"]
[BlackElo "2445"]

1.e4 g6 2.d4 Bg7 3.Nc3 d6 4.Be3 a6 5.Qd2 b5 6.O-O-O Bb7 7.f3 Nd7 8.h4 h5
9.Nh3 Ngf6 10.Ng5 b4 11.Ne2 a5 12.Nf4 O-O 13.g4 e5 14.dxe5 dxe5 15.Nxg6 fxg6
16.Bc4+ Kh8 17.gxh5 gxh5 18.Rhg1 Qe7 19.Ne6 Rf7 20.Ng5 Rff8 21.Ne6 Rf7 22.Nxg7 Rxg7
23.Rxg7 Qxg7 24.Rg1 Qh7 25.Bh6 Ba6 26.Qg5 Ng4 27.Rxg4 hxg4 28.Bxa6 Rxa6  0-1

[Event "Groningen op"]
[Site "Groningen"]
[Date "1997.??.??"]
[Round "5"]
[White "Shahade, Jennifer"]
[Black "Kamstra, Cor"]
[Result "1-0"]
[WhiteElo "2070"]
[BlackElo "2325"]

1.e4 g6 2.d4 Bg7 3.Nc3 d6 4.Be3 a6 5.a4 Nc6 6.Nf3 e5 7.h3 exd4 8.Nxd4 Nge7
9.Bc4 O-O 10.O-O Ne5 11.Ba2 c5 12.Nf3 Be6 13.Nxe5 Bxe5 14.Nd5 Rb8 15.c3 Nxd5
16.Bxd5 Qe7 17.Bh6 Rfe8 18.f4 Bf6 19.f5 Bxd5 20.Qxd5 g5 21.Qd2 Kh8 22.Rf3 Rg8
23.Rg3 Qxe4 24.Bxg5 Be5 25.Re1 Qxf5 26.Rf1 Qe6 27.Rgf3 Rg6 28.Rxf7 Rbg8 29.h4 h6
30.Re7 Qc8 31.Rff7 R8g7 32.Rxg7 Bxg7 33.Bf4 Qd8 34.Qe3 Kh7 35.g3 b5 36.h5 Rf6
37.Qe4+  1-0

[Event "Groningen op"]
[Site "Groningen"]
[Date "1997.??.??"]
[Round "6"]
[White "Blimke, Dalia"]
[Black "Baum, Bernd"]
[Result "1-0"]
[WhiteElo "2180"]
[BlackElo "2270"]

1.e4 g6 2.d4 Bg7 3.Nc3 d6 4.f4 Nf6 5.Nf3 O-O 6.Be2 c5 7.dxc5 Qa5 8.O-O Qxc5+
9.Kh1 b6 10.Qe1 Bb7 11.Bd3 Nbd7 12.Be3 Qc7 13.Qh4 Nc5 14.f5 Nxd3 15.cxd3 Qd7
16.Bh6 Nh5 17.Bg5 Rfe8 18.g4 Nf6 19.Rae1 Rac8 20.Be3 b5 21.Bd4 b4 22.Ne2 Rc2
23.Ng3 Rec8 24.g5 Ne8 25.Qf4 e5 26.fxe6 fxe6 27.Bxg7 Nxg7 28.Qf6 Re8 29.Nd4 Rd2
30.Rf3 Qe7 31.Ref1 Nh5 32.Qxe7 Nxg3+ 33.hxg3 Rxe7 34.Rf8+  1-0

[Event "Groningen op"]
[Site "Groningen"]
[Date "1997.??.??"]
[Round "6"]
[White "Cvitan, Ognjen"]
[Black "Forster, Richard"]
[Result "0-1"]
[WhiteElo "2570"]
[BlackElo "2460"]

1.d4 g6 2.e4 Bg7 3.Nc3 d6 4.Be3 Nf6 5.Nf3 O-O 6.h3 Nc6 7.Bb5 a6 8.Be2 Re8
9.e5 Nd7 10.exd6 cxd6 11.O-O b5 12.Qd2 Bb7 13.a4 b4 14.Na2 Qa5 15.d5 Nce5
16.Nxb4 Nxf3+ 17.Bxf3 Bxb2 18.Rab1 Bf6 19.Nc6 Qc7 20.Qb4 Bxc6 21.dxc6 Ne5
22.Qb7 Nxf3+ 23.gxf3 Rec8 24.Rb6 a5 25.Rfb1 Kg7 26.R1b5 Ra7 27.Qxc7 Raxc7
28.Rxa5 Rxc6 29.Rxc6 Rxc6 30.Ra8 d5 31.a5 d4 32.Bf4 e5 33.Bd2 Rxc2 34.Bb4 Bh4
35.a6 d3 36.a7 Bxf2+ 37.Kf1 Ra2 38.Rd8 Bxa7 39.Bf8+ Kf6 40.Rxd3  0-1

[Event "Sachsen-ch"]
[Site "Gruenheide"]
[Date "1997.??.??"]
[Round "?"]
[White "Peters, Andreas"]
[Black "Schmidt, A."]
[Result "1-0"]
[WhiteElo "2315"]
[BlackElo "2170"]

1.e4 g6 2.d4 Bg7 3.Nc3 d6 4.f4 Nc6 5.Be3 Nf6 6.Be2 O-O 7.e5 dxe5 8.dxe5 Qxd1+
9.Rxd1 Ng4 10.Bc5 b6 11.Bf3 bxc5 12.Bxc6 Rb8 13.b3 Ne3 14.Rd2 Bf5 15.Be4 Rb4
16.Bxf5 Nxf5 17.Nge2 f6 18.exf6 exf6 19.O-O Nd4 20.Nd5 Rb7 21.Nxd4 cxd4 22.Rxd4 f5
23.Rc4 c5 24.c3 Re8 25.Rxc5 Re2 26.Ra5 Rc2 27.Rf3 Rd2 28.h4 Rd7 29.c4 Rd8
30.Kh2 Bd4 31.Ne7+ Kf8 32.Nc6 Bb6 33.Nxd8 Bxa5 34.Nc6 Bc7 35.a3 a5 36.b4 Rc2
37.c5 axb4 38.axb4 Rc4 39.g3 h6 40.Ra3 Ke8 41.Ra7 Rc2+ 42.Kh1 Bd6 43.Ra8+  1-0

[Event "Sachsen-ch"]
[Site "Gruenheide"]
[Date "1997.??.??"]
[Round "?"]
[White "Gempe, Thomas"]
[Black "Schmidt, A."]
[Result "1/2-1/2"]
[WhiteElo "2220"]
[BlackElo "2170"]

1.e4 g6 2.d4 Bg7 3.Nc3 d6 4.Be2 Nc6 5.d5 Nd4 6.Be3 c5 7.dxc6 Nxc6 8.Nf3 Nf6
9.Nd4 O-O 10.O-O Bd7 11.Qd2 Nxd4 12.Bxd4 Bc6 13.Bf3 Qa5 14.Rfd1 Rfe8 15.Nd5 Qxd2
16.Rxd2 Bxd5 17.exd5  1/2-1/2

[Event "Perenyi  Memorial"]
[Site "Gyula"]
[Date "1997.??.??"]
[Round "8"]
[White "Grund, Holger"]
[Black "Agrest, Evgenij"]
[Result "0-1"]
[WhiteElo "2360"]
[BlackElo "2460"]

1.e4 d6 2.d4 g6 3.Nc3 Bg7 4.Nf3 a6 5.Be3 b5 6.h3 Bb7 7.Bd3 Nd7 8.a4 b4 9.Ne2 Ngf6
10.Ng3 h5 11.Bg5 Nh7 12.Be3 Nhf6 13.Bg5 Nh7 14.Be3 e5 15.O-O O-O 16.Re1 exd4
17.Bxd4 Bxd4 18.Nxd4 Qf6 19.c3 Rfe8 20.Bc2 bxc3 21.bxc3 Nc5 22.f3 Qg5 23.Nf1 Ne6
24.Nxe6 Rxe6 25.Bb3 Re7 26.Qd2 Qxd2 27.Nxd2 Nf6 28.Kf2 Nd7 29.Bc4 Nc5 30.Nb3 Nxb3
31.Bxb3 Re5 32.Red1 Rc5 33.Rd3 Bc6 34.Rb1 Re8 35.Ke3 Kg7 36.Kd2 h4 37.Rb2 Ree5
38.Rd4 a5 39.Kd3 Rg5 40.Rc4 Rxc4 41.Kxc4 f5 42.exf5 Rxf5 43.Kd3 Kf6 44.Bc2 Rg5
45.Bd1 Rd5+ 46.Ke2 Rc5 47.Kd3 Kf5 48.c4 Kf4 49.Rb8 Bd7 50.Bb3 Kg3 51.Rh8 g5
52.Rg8 Kxg2 53.f4 g4 54.hxg4 h3 55.Kd4 h2 56.Bc2 Be6 57.Be4+ Kg3 58.Rh8 Rxc4+
59.Kd3 d5  0-1

[Event "Haarlem op"]
[Site "Haarlem"]
[Date "1997.??.??"]
[Round "1"]
[White "Beverdam, Frank"]
[Black "Shpilker, Boris"]
[Result "0-1"]
[WhiteElo "1745"]
[BlackElo "2370"]

1.e4 d6 2.d4 g6 3.Nc3 Bg7 4.f4 Nf6 5.Nf3 O-O 6.Bd3 Nc6 7.e5 dxe5 8.fxe5 Nd5
9.Nxd5 Qxd5 10.c3 Na5 11.O-O c5 12.Qe1 cxd4 13.Be4 Qd8 14.cxd4 Bg4 15.d5 Nc4
16.e6 f5 17.Bc2 Bxf3 18.Rxf3 Qxd5 19.Bb3 Qd4+ 20.Kh1 Nxb2 21.Be3 Qe4 22.Rb1 Nd3
23.Qf1 Ne5 24.Rh3 f4 25.Bf2 f3 26.g3 Nc4 27.Rd1 Qe2 28.Bc5 Rad8 29.Re1 Rd2
30.Bxc4 Qg2+ 31.Qxg2 fxg2+ 32.Kg1 b6 33.Re2 Rd1+ 34.Kxg2 bxc5  0-1

[Event "Haarlem op"]
[Site "Haarlem"]
[Date "1997.??.??"]
[Round "5"]
[White "Xie Jun"]
[Black "Gurevich, Mikhail"]
[Result "0-1"]
[WhiteElo "2500"]
[BlackElo "2585"]

1.e4 d6 2.d4 g6 3.Nc3 Bg7 4.Be3 a6 5.Qd2 b5 6.f3 Nd7 7.h4 h6 8.g4 h5 9.g5 e6
10.Nge2 Ne7 11.Ng3 d5 12.Nce2 Bb7 13.c3 Qc8 14.Bh3 c5 15.O-O Qc6 16.b3 O-O
17.e5 a5 18.Nf4 b4 19.cxb4 axb4 20.Nfxh5 gxh5 21.Nxh5 cxd4 22.Bxd4 Bxe5 23.Bxe5 Nxe5
24.Qf4 Qc3 25.Nf6+ Kg7 26.Nh5+ Kg8 27.Nf6+ Kh8 28.g6 Ng8 29.Nxg8 Nxg6 30.Qh6+ Kxg8
31.h5 Qd4+ 32.Kg2 Qf4  0-1

[Event "Hafnarfjordur"]
[Site "Hafnarfjordur"]
[Date "1997.??.??"]
[Round "9"]
[White "Jensson, Einar Hjalti"]
[Black "Ivanov, Mikhail M"]
[Result "1/2-1/2"]
[WhiteElo "2225"]
[BlackElo "2445"]

1.e4 g6 2.d4 Bg7 3.Nc3 d6 4.Be3 a6 5.f4 b5 6.a3 Bb7 7.Nf3 Nd7 8.h3 Ngf6 9.Bd3 c5
10.e5 Nd5 11.Nxd5 Bxd5 12.c3 cxd4 13.cxd4 Nb6 14.Bd2 dxe5 15.dxe5 Na4 16.b3 Nb2
17.Qc2 Bxf3 18.Bf1 Nd3+ 19.Bxd3 Bxg2 20.Rg1 Rc8 21.Bc3 Bxh3 22.O-O-O Qc7
23.Kb2 e6 24.Rg3 Bf5 25.Bxf5 exf5 26.Qh2 O-O 27.Rh3 Rfd8 28.Rg1 a5 29.Ka2 b4
30.axb4 axb4 31.Bxb4 Qc2+ 32.Qxc2 Rxc2+ 33.Kb1 Rf2 34.Be7 Rdd2 35.Bg5 Rb2+
36.Ka1 Ra2+ 37.Kb1 Bf8 38.Rd1 h6 39.Bxh6 Rab2+ 40.Ka1 Bxh6 41.Rxh6 Rxb3 42.Rd8+ Kg7
43.Rdh8 g5 44.R6h7+  1/2-1/2

[Event "Wichern op"]
[Site "Hamburg"]
[Date "1997.??.??"]
[Round "3"]
[White "Braslavsky, Aleksandr"]
[Black "Polzin, Rainer"]
[Result "0-1"]
[WhiteElo "2155"]
[BlackElo "2445"]

1.e4 g6 2.d4 Bg7 3.Nc3 d6 4.f4 a6 5.a4 Nd7 6.Nf3 e6 7.Bd3 Ne7 8.O-O c5 9.d5 exd5
10.Nxd5 Nxd5 11.exd5 O-O 12.c4 h6 13.Qc2 f5 14.Bd2 Nf6 15.Bc3 b6 16.Rae1 Ra7
17.b4 Re7 18.Rxe7 Qxe7 19.Re1 Qc7 20.Qb2 cxb4 21.Qxb4 Nxd5  0-1

[Event "Wichern op"]
[Site "Hamburg"]
[Date "1997.??.??"]
[Round "3"]
[White "Hennig, Dirk"]
[Black "Koop, Thilo"]
[Result "1-0"]
[WhiteElo "2435"]
[BlackElo "2115"]

1.d4 g6 2.e4 Bg7 3.Nc3 d6 4.Nf3 Nf6 5.Bf4 Bg4 6.h3 Nh5 7.Be3 Bxf3 8.Qxf3 e5
9.dxe5 Bxe5 10.Bd3 Nc6 11.O-O O-O 12.Rae1 Nd4 13.Qg4 Bg7 14.f4 c5 15.f5 c4
16.Bxc4 Nxc2 17.fxg6 hxg6 18.Qxg6 d5 19.Qxh5 Nxe3 20.Rxe3 dxc4 21.Rg3 Qd4+
22.Kh1 f6 23.Qh6 Rf7 24.Nd5 f5 25.Qe6  1-0

[Event "Wichern op"]
[Site "Hamburg"]
[Date "1997.??.??"]
[Round "5"]
[White "Mach, Holger"]
[Black "Schmidt Wilke, Jens"]
[Result "1/2-1/2"]
[WhiteElo "2300"]
[BlackElo "2130"]

1.d4 g6 2.e4 Bg7 3.Nc3 d6 4.Nf3 Nd7 5.Bg5 c5 6.Be2 cxd4 7.Nxd4 Ngf6 8.O-O Nc5
9.Bf3 Ne6 10.Nxe6 Bxe6 11.Nd5 Bxd5 12.exd5 h6 13.Be3 O-O 14.Bd4 Qa5 15.Re1 Rfe8
16.Re3 a6 17.g3 Rac8 18.Bc3 Qc7 19.Qe2 Kh7 20.Re1 Ng8 21.h4 Qb8 22.Bxg7 Kxg7
23.h5 g5 24.Qd3 Rc7 25.c3 Qc8 26.Bd1 Qd7 27.a4 Nf6 28.Bc2 Qg4 29.Bd1 Qd7
30.Bc2 Qg4 31.Bd1  1/2-1/2

[Event "Wichern op"]
[Site "Hamburg"]
[Date "1997.??.??"]
[Round "9"]
[White "Heinemann, Thies"]
[Black "Rudolf, Henrik"]
[Result "1/2-1/2"]
[WhiteElo "2450"]
[BlackElo "2280"]

1.e4 g6 2.d4 Bg7 3.Nc3 d6 4.Be3 a6 5.Qd2 Nd7 6.O-O-O b5 7.g4 Bb7 8.f3 h6
9.h4 Ngf6 10.Nh3 Nb6 11.Rh2 Nfd7 12.h5 g5 13.f4 gxf4 14.Bxf4 e5 15.Be3 exd4
16.Bxd4 Bxd4 17.Qxd4 Qf6 18.Qd2 Ne5 19.Be2 O-O-O 20.Rf1 Qg7 21.g5 hxg5 22.Qxg5 Rdg8
23.Qxg7 Rxg7 24.a3 Nbd7 25.Rf4 Rh6 26.Nf2 Nf6 27.Nd3 Rg5 28.Rhf2 Rg1+ 29.Rf1 Rxf1+
30.Rxf1 Nc4 31.Rf4 Kd7 32.a4 c6 33.b3 Ne5 34.Rf5 Ke6 35.Rxe5+ dxe5 36.Nc5+ Ke7
37.Nxb7 Nxh5 38.Nc5 Nf4 39.Bg4 b4 40.Na2 Kd6 41.Nb7+ Kc7 42.Na5 c5 43.Nc4 Rh1+
44.Bd1 Ne2+ 45.Kd2 Ng3 46.Nxe5 Nxe4+ 47.Ke2 Ng3+ 48.Kd2 Ne4+ 49.Ke2 Nf2 50.Kxf2 Rxd1
51.Ke2 Ra1 52.Nxb4 cxb4 53.Nxf7 Kc6 54.Ne5+ Kd5 55.Nd3 a5 56.Ne1 Ke4 57.Kd2 Rb1
58.Ke2 Kd4 59.Kd2 Ke4 60.Ke2 Rc1 61.Kd2 Ra1 62.Ke2 Kf5 63.Kd2 Kg4 64.Ke2 Kg3
65.Kd2 Rb1 66.Ke2  1/2-1/2

[Event "Wichern op"]
[Site "Hamburg"]
[Date "1997.??.??"]
[Round "9"]
[White "Stabolewski, Andreas"]
[Black "Thiede, Lars"]
[Result "1/2-1/2"]
[WhiteElo "2270"]
[BlackElo "2335"]

1.e4 g6 2.d4 Bg7 3.Nc3 d6 4.g3 Nf6 5.Bg2 O-O 6.Nge2 e5 7.h3 exd4 8.Nxd4 Bd7
9.O-O Nc6 10.Nde2 Re8 11.g4 Rb8 12.a4 Nb4 13.Ng3 Bc6 14.Bg5 h6 15.Be3 a5
16.Ba7 Ra8 17.Bd4 Qe7 18.Qd2 Rad8 19.Rae1 Qd7 20.b3 d5 21.exd5 Rxe1 22.Rxe1 Nbxd5
23.Nxd5 Bxd5 24.Bxf6 Bxf6 25.Rd1 Be6 26.Qxd7 Rxd7 27.Rxd7 Bxd7 28.Bxb7 Bd4
29.Kf1 Kg7 30.Ke2 Kf6 31.Kd3 Be5 32.Ne4+ Ke7 33.Nd2 c6 34.Nc4 Bc7 35.Kd4 f5
36.f3 h5 37.gxh5 gxh5 38.Kc5 f4 39.h4 Bf5 40.Kxc6 Bd8 41.b4 Bxc2 42.bxa5 Bxa4+
43.Kc5 Kd7 44.Nb6+ Kc7 45.Be4 Be8 46.Nd5+ Kb8 47.Nxf4 Bxh4 48.Bg6 Bxg6 49.Nxg6 Bg3
50.f4 h4 51.Nxh4  1/2-1/2

[Event "SWE-ch"]
[Site "Haninge"]
[Date "1997.??.??"]
[Round "3"]
[White "Brynell, Stellan"]
[Black "Agrest, Evgenij"]
[Result "1/2-1/2"]
[WhiteElo "2445"]
[BlackElo "2460"]

1.e4 d6 2.d4 g6 3.Nc3 Bg7 4.Nf3 a6 5.a4 Nc6 6.Be3 Bg4 7.Be2 e5 8.d5 Nce7
9.O-O Nf6 10.Nd2 Bxe2 11.Qxe2 O-O 12.a5 Qd7 13.Ra3 Ng4 14.Rb3 Nxe3 15.Qxe3 Rab8
16.Ne2 f5 17.c4 Kh8 18.Nc3 Ng8 19.Nf3 Bh6 20.Qe2 Nf6 21.c5 fxe4 22.Nxe4 Qa4
23.Nxf6 Qxb3 24.Nd7 Qxd5 25.Rd1 Qe6 26.Nxb8 Rxb8 27.cxd6 cxd6 28.Qe4 Bf8
29.h4 Be7 30.Rc1 Bd8 31.b4 Bf6 32.Rc7 d5 33.Qe3 Qd6 34.Qc1 Bd8  1/2-1/2

[Event "Heart of Finland op"]
[Site "?"]
[Date "1997.??.??"]
[Round "2"]
[White "Sepp, Olav"]
[Black "Angskog, Kent"]
[Result "1/2-1/2"]
[WhiteElo "2425"]
[BlackElo "2205"]

1.e4 g6 2.d4 Bg7 3.Nc3 d6 4.Nge2 Na6 5.g3 c5 6.Bg2 cxd4 7.Nxd4 Nf6 8.O-O O-O
9.h3 Nc5 10.Be3 a6 11.Qd2 Bd7 12.a4 e5 13.Nde2 Bc6 14.f3 Qd7 15.a5 Ne8 16.Nd5 Bxd5
17.Qxd5 Nc7 18.Qd2 Qc6 19.Nc3 f5 20.Rfd1 fxe4 21.fxe4 Rad8 22.Nd5 Rd7 23.Nxc7 Qxc7
24.Qd5+ Rdf7 25.Qxd6 Rc8 26.h4 Bf8 27.Qxc7 Rcxc7 28.Rd5 Nd7 29.c3 Nf6 30.Rd8 Ng4
31.Bb6 Rc6 32.Rad1 Kg7 33.R8d7 Be7 34.R7d5 Rxb6 35.axb6 Ne3 36.R1d3 Nxd5
37.Rxd5 g5 38.h5 g4 39.Rxe5 h6 40.Re6 Bc5+ 41.Kh2 Rf6 42.Re8 Bxb6 43.e5 Rf5
44.Bxb7 Rf2+ 45.Bg2 Rxb2 46.Re6 a5 47.Rg6+ Kf7 48.Rxg4 Rc2 49.e6+ Kf8 50.Rc4 Ke7
51.Kh3 a4 52.Rc6 Ba5 53.c4 a3 54.Ra6 Bb4 55.Be4 Re2 56.Bf3 Rf2 57.Ra7+ Kxe6
58.Bg4+ Ke5 59.c5 Bxc5 60.Ra5 Kd5 61.Be6+ Kc6 62.Kg4 Bd6 63.Ra6+ Kc7  1/2-1/2

[Event "Heart of Finland op"]
[Site "?"]
[Date "1997.??.??"]
[Round "5"]
[White "Simola, Tuomas"]
[Black "Keskisarja, Teemu"]
[Result "1-0"]
[WhiteElo "2085"]
[BlackElo "2315"]

1.e4 g6 2.d4 Bg7 3.Nc3 d6 4.Be3 c6 5.Qd2 b5 6.Bd3 Nd7 7.Nge2 Ngf6 8.f3 O-O
9.O-O Rb8 10.Nd1 c5 11.c3 b4 12.cxb4 Rxb4 13.dxc5 dxc5 14.Nf2 Qb6 15.Rab1 Rd8
16.a3 Ra4 17.Bc2 Ne5 18.Qxd8+ Qxd8 19.Bxa4 Ba6 20.Rfd1 Qc7 21.Nc3 Nc4 22.Bg5 Nb6
23.Bb5 Bb7 24.Rd2 h6 25.Bh4 c4 26.Rbd1 Kh7 27.Bg3 Qc5 28.Ba4 Nh5 29.Bc2 Nxg3
30.hxg3 Bxc3 31.bxc3 Qxa3 32.Rd8 Qxc3 33.Rf8 Kg7 34.Rdd8 Qxc2 35.e5 f5 36.e6 g5
37.g4 fxg4 38.fxg4 Qg6 39.Rg8+ Kf6 40.Rdf8+ Ke5 41.Rxg6 c3  1-0

[Event "Heart of Finland op"]
[Site "?"]
[Date "1997.??.??"]
[Round "8"]
[White "Kiik, Kalle"]
[Black "Nouro, Mikael"]
[Result "1/2-1/2"]
[WhiteElo "2380"]
[BlackElo "2305"]

1.e4 g6 2.d4 Bg7 3.Nc3 d6 4.g3 Nf6 5.Bg2 O-O 6.Nge2 e5 7.O-O Nc6 8.d5 Ne7
9.h3 c6 10.g4 cxd5 11.exd5 h5 12.g5 Nh7 13.Ng3 Nf5 14.Nge4 Nh4 15.Qd3 Nxg2
16.Kxg2 Bf5 17.h4 f6 18.Bd2 fxg5 19.hxg5 Qd7 20.Rae1 Rae8 21.Kh2 a6 22.a4 Rf7
23.a5 Ref8 24.f3 Qd8 25.b4 Bc8 26.Rf2 Qd7 27.Kg1 h4 28.Ref1 Qd8 29.Rh2 Bg4
30.Rhf2 Bh3 31.Rb1 Rf5 32.Kh2 Bg4 33.Rbf1 Bh5 34.Qe3 Qe7 35.Ne2 R8f7 36.c4 Bf8
37.Ng1 Qd8 38.Nh3 Be7 39.Kg2 Qc8 40.c5 Qd8 41.Qd3 Qd7 42.Bc1 Rf8 43.cxd6 Bxd6
44.Nxd6 Qxd6 45.Qe4 R8f7 46.Be3 Qd8 47.Bc1 Qd7 48.Be3 Qd8  1/2-1/2

[Event "Heart of Finland op"]
[Site "?"]
[Date "1997.??.??"]
[Round "8"]
[White "Maidla, Vallo"]
[Black "Angskog, Kent"]
[Result "1/2-1/2"]
[WhiteElo "2380"]
[BlackElo "2205"]

1.e4 g6 2.d4 Bg7 3.Nc3 d6 4.Bc4 a6 5.Qf3 e6 6.Nge2 Nc6 7.Be3 Nge7 8.O-O-O b5
9.Bb3 Na5 10.g4 h6 11.h4 Bb7 12.d5 Nxb3+ 13.axb3 b4 14.dxe6 fxe6 15.Na4 Qc8
16.Qg2 e5 17.f4 exf4 18.Bxf4 O-O 19.Rhe1 Nc6 20.Kb1 Ne5 21.Bxe5 Bxe5 22.h5 g5
23.Nd4 Rf4  1/2-1/2

[Event "Helsinki We SKFC 2 op"]
[Site "Helsinki"]
[Date "1997.??.??"]
[Round "5"]
[White "Norri, Joose"]
[Black "Kiik, Kalle"]
[Result "1/2-1/2"]
[WhiteElo "2430"]
[BlackElo "2380"]

1.d4 g6 2.e4 Bg7 3.Nc3 d6 4.Be3 c6 5.a4 Nf6 6.h3 Nbd7 7.g4 e5 8.Bg2 O-O 9.Nge2 Qe7
10.Ng3 d5 11.exd5  1/2-1/2